000 00521nam a22002057a 4500
003 OSt
005 20140310182937.0
008 130201t xxu||||| |||| 00| 0 eng d
020 _a9712717003
050 _aDS 653.7
_b.B148 2006
082 _aFIL 959.9092
_bB148 2006
245 _aMga bagong bayani
_cmodern Filipino heroes
260 _aManila
_bAnvil
_cc2006
300 _a113 p.
_c20 cm.
521 _acollege students
526 _c1210L-1700L
541 _j1
562 _e1
942 _2lcc
_cBK
_kFIL
999 _c17648
_d17648